Klasifikácia zamestnaní

Saved in:
Bibliographic Details
Format: Book
Language:Slovak
Published: Bratislava ŠEVT 1993
Edition:1. vyd.
Subjects:
Tags: Add Tag
No Tags, Be the first to tag this record!

MARC

LEADER 00000nam a2200000 4500
001 c005755
005 20221214082320.2
020 |a 80-88707-02-1 
041 0 |a slo 
044 |a SK 
245 1 0 |a Klasifikácia zamestnaní 
250 |a 1. vyd. 
264 1 |a Bratislava  |b ŠEVT  |c 1993 
300 |a 383 s. 
610 2 0 |a povolania 
610 2 0 |a klasifikácia 
610 2 0 |a ŠÚ Bratislava 
610 2 0 |a náplň pracovná 
610 2 0 |a organizácia práce 
610 2 0 |a triedy kvalifikačné 
610 2 0 |a miesta pracovné